[Event "Mittelfranken-chTB2b 1314"]
[Site "Mittelfranken"]
[Date "2013.12.01"]
[Round "3.6"]
[White "Di Bonaventura, Stefan"]
[Black "Kleinert, Jochen"]
[Result "0-1"]
[WhiteElo "1581"]
[BlackElo "1689"]
[PlyCount "142"]
[EventDate "2013.10.20"]
[EventType "team-tourn"]
[EventRounds "9"]
[EventCountry "GER"]
[SourceTitle "EXT 2020"]
[Source "ChessBase"]
[SourceDate "2019.10.17"]
[SourceVersion "1"]
[SourceVersionDate "2019.10.17"]
[SourceQuality "1"]
[WhiteTeam "Buechenbach/Roth III"]
[BlackTeam "Bubenreuth/Moehrendorf"]
[WhiteTeamCountry "GER"]
[BlackTeamCountry "GER"]

1. e4 e6 2. d4 d5 3. exd5 exd5 4. Nf3 Bd6 5. Be2 Ne7 6. Nc3 c6 7. Bg5 f6 8. Bh4 Ng6 9. Bg3 Nf4 10. 0-0 Kf7 11. Re1 b5 12. a3 a5 13. Qd2 g5 14. h4 Bf5 15. hxg5 fxg5 16. Ne5+ Bxe5 17. dxe5 Nxe2+ 18. Nxe2 h5 19. Nd4 Be6 20. Qd3 h4 21. Qf3+ Kg6 22. Nxe6 Qe7 23. Qd3+ Kf7 24. Qf5+ Ke8 25. Nxg5 Na6 26. Qg6+ Kd7 27. Qd6+ Qxd6 28. exd6 hxg3 29. fxg3 Raf8 30. Re7+ Kxd6 31. Rae1 Nc5 32. Nf7+ Rxf7 33. Rxf7 Rg8 34. Rf6+ Kd7 35. Re3 Ne4 36. Rff3 b4 37. axb4 axb4 38. Rd3 Nc5 39. Rd4 b3 40. cxb3 Ne4 41. Rdd3 Kd6 42. Rfe3 Nc5 43. Rd4 Rb8 44. b4 Na6 45. Rh4 Nxb4 46. Rh6+ Kc5 47. Rc3+ Kb5 48. Rd6 c5 49. Kf2 Rf8+ 50. Rf3 Ra8 51. Ra3 Rg8 52. Kf3 Kc4 53. Rc3+ Kd4 54. Rf6 c4 55. g4 Nd3 56. Ra3 Ne5+ 57. Ke2 Rxg4 58. Rf2 Nd3 59. Rxd3+ cxd3+ 60. Kd2 Rg3 61. Rf4+ Kc5 62. b4+ Kb5 63. Rd4 Rxg2+ 64. Kxd3 Rg3+ 65. Kc2 Kc6 66. Rd3 Rg4 67. Kc3 Kd6 68. Rd4 Rg1 69. Kc2 Ke5 70. Kc3 Rc1+ 71. Kd3 Rd1+ 0-1